[Event "Ulm/Neu Ulm-ch"]
[Site "Ulm/Neu Ulm"]
[Date "2009.09.18"]
[Round "1"]
[White "Zierke, Markus"]
[Black "Schmollinger, Jonathan"]
[Result "1-0"]
[WhiteElo "1725"]
[BlackElo "1262"]
[PlyCount "83"]
[EventDate "2009.09.18"]
[EventType "swiss"]
[EventRounds "5"]
[EventCountry "GER"]
[SourceTitle "EXT 2011"]
[Source "ChessBase"]
[SourceDate "2010.11.26"]
[SourceVersion "1"]
[SourceVersionDate "2010.11.26"]
[SourceQuality "1"]

1. d4 c5 2. e3 e6 3. f4 Nc6 4. Nf3 Nf6 5. c3 a6 6. Bd3 b5 7. 0-0 Bb7 8. Nbd2 b4 9. f5 Nd5 10. fxe6 dxe6 11. Ne4 cxd4 12. Nfg5 Nf6 13. Nxf6+ gxf6 14. Qh5 Qe7 15. exd4 fxg5 16. Bxg5 Qd7 17. Bf6 Rg8 18. g3 Qd5 19. Qxd5 exd5 20. Bxh7 Rg4 21. Rf3 Bd6 22. Re1+ Kf8 23. Bf5 Rg8 24. Bd7 Ne7 25. Rfe3 bxc3 26. bxc3 Rg6 27. Bxe7+ Bxe7 28. Rxe7 Bc6 29. Re8+ Rxe8 30. Rxe8+ Kg7 31. Bxc6 Rxc6 32. Re3 Kg6 33. Kf2 Kg5 34. Re5+ Kg4 35. Kg2 f5 36. h3+ Kg5 37. g4 Rxc3 38. Rxf5+ Kg6 39. Rxd5 Rc2+ 40. Kg3 Rxa2 41. h4 Re2 42. Rd6+ 1-0